RNA.

Bibliographic Details
Uniform Title:RNA (New York, N.Y. : Print)
Corporate Author: RNA Society
Format: Journal
Language:English
Published: New York, NY : Cambridge University Press, [1995-]
Subjects:
Online Availability: Check for online availability

MARC

Tag First Indicator Second Indicator Subfields
LEADER 00000cas a2200000 a 4500
001 in00004481621
005 20191203081113.0
008 950407c19959999nyumr p 0 0eng d
010 |a sn 95038641  
022 |a 1355-8382 
030 |a RNARFU 
035 |a (OCoLC)32270613 
035 |9 AAG4807MS 
035 |z (UtOrBLW)20729 
035 |a 33467 
040 |a COD  |c COD  |d CAS  |d NLM  |d TMV  |d UtOrBLW 
042 |a lcd 
049 |a [Shelved] [by Title] TMVM 
060 0 0 |a W1  |b RN184 
069 0 |a 9509184 
096 |a x 
130 0 |a RNA (New York, N.Y. : Print) 
245 1 0 |a RNA. 
264 1 |a New York, NY :  |b Cambridge University Press,  |c [1995-] 
264 4 |c ©1995- 
300 |a volumes :  |b illustrations ;  |c 28 cm. 
310 |a Monthly 
336 |a text  |2 rdacontent  |b txt 
337 |a unmediated  |2 rdamedia 
338 |a volume  |2 rdacarrier  |b nc 
362 0 |a Vol. 1, no. 1 (Mar. 1995)- 
500 |a Title from cover. 
530 |a Also available online. 
550 |a Official publication of the RNA Society. 
650 2 |a RNA. 
655 7 |a Periodicals.  |2 mesh 
710 2 |a RNA Society. 
776 1 |a RNA (New York, N.Y. : Online) 
948 |a Bindery Color/Print: 370/B 
948 |a Converted to Online with 2006. 01/20/06/PJ 
948 |a Sent to remote storage (HDR-Austin) Aug. 2009 PJ 
999 |a MARS 
999 f f |s 7c26677d-95f9-347c-9298-21deaee5f2de  |i d6c67157-5555-34df-a96b-022614401f14  |t 0 
952 f f |p storage  |a Texas A&M University  |b J.J. Pickle Campus  |c High Density Repository  |d Remote Storage  |t 0  |h No information provided  |i unmediated -- volume  |k v.2  |l 1996:Jan./June  |m 3238902059042 
952 f f |p storage  |a Texas A&M University  |b J.J. Pickle Campus  |c High Density Repository  |d Remote Storage  |t 0  |h No information provided  |i unmediated -- volume  |k v.5  |l 1999:July/Dec.  |m 3238901627233 
952 f f |p storage  |a Texas A&M University  |b J.J. Pickle Campus  |c High Density Repository  |d Remote Storage  |t 0  |h No information provided  |i unmediated -- volume  |k v.4  |l 1998:Jan./June  |m 3238902059064 
952 f f |p storage  |a Texas A&M University  |b J.J. Pickle Campus  |c High Density Repository  |d Remote Storage  |t 0  |h No information provided  |i unmediated -- volume  |k v.2  |l 1996:July/Dec.  |m 3238902059053 
952 f f |p storage  |a Texas A&M University  |b J.J. Pickle Campus  |c High Density Repository  |d Remote Storage  |t 0  |h No information provided  |i unmediated -- volume  |k v.7  |l 2001:July/Dec.  |m 3238901803565 
952 f f |p storage  |a Texas A&M University  |b J.J. Pickle Campus  |c High Density Repository  |d Remote Storage  |t 0  |h No information provided  |i unmediated -- volume  |k v.3  |l 1997:July/Dec.  |m 3238901434677 
952 f f |p storage  |a Texas A&M University  |b J.J. Pickle Campus  |c High Density Repository  |d Remote Storage  |t 0  |h No information provided  |i unmediated -- volume  |k v.9  |l 2003:July/Dec.  |m 3238901829338 
952 f f |p storage  |a Texas A&M University  |b J.J. Pickle Campus  |c High Density Repository  |d Remote Storage  |t 0  |h No information provided  |i unmediated -- volume  |k v.10  |l 2004:July/Dec.  |m 3238901843389 
952 f f |p storage  |a Texas A&M University  |b J.J. Pickle Campus  |c High Density Repository  |d Remote Storage  |t 0  |h No information provided  |i unmediated -- volume  |k v.11  |l 2005:July/Dec.  |m 3238902059075 
952 f f |p storage  |a Texas A&M University  |b J.J. Pickle Campus  |c High Density Repository  |d Remote Storage  |t 0  |h No information provided  |i unmediated -- volume  |k v.1  |l 1995  |m 3238901418703 
952 f f |p storage  |a Texas A&M University  |b J.J. Pickle Campus  |c High Density Repository  |d Remote Storage  |t 0  |h No information provided  |i unmediated -- volume  |k v.7  |l 2001:Jan./June  |m 3238901326172 
952 f f |p storage  |a Texas A&M University  |b J.J. Pickle Campus  |c High Density Repository  |d Remote Storage  |t 0  |h No information provided  |i unmediated -- volume  |k v.10  |l 2004:Jan./June  |m 3238902059086 
952 f f |p storage  |a Texas A&M University  |b J.J. Pickle Campus  |c High Density Repository  |d Remote Storage  |t 0  |h No information provided  |i unmediated -- volume  |k v.6  |l 2000:July/Dec.  |m 3238901564446 
952 f f |p storage  |a Texas A&M University  |b J.J. Pickle Campus  |c High Density Repository  |d Remote Storage  |t 0  |h No information provided  |i unmediated -- volume  |k v.9  |l 2003:Jan./June  |m 323890182485A 
952 f f |p storage  |a Texas A&M University  |b J.J. Pickle Campus  |c High Density Repository  |d Remote Storage  |t 0  |h No information provided  |i unmediated -- volume  |k v.11  |l 2005:Jan./June  |m 3238901801912 
952 f f |p storage  |a Texas A&M University  |b J.J. Pickle Campus  |c High Density Repository  |d Remote Storage  |t 0  |h No information provided  |i unmediated -- volume  |k v.3  |l 1997:Jan./June  |m 3238901635669 
952 f f |p storage  |a Texas A&M University  |b J.J. Pickle Campus  |c High Density Repository  |d Remote Storage  |t 0  |h No information provided  |i unmediated -- volume  |k v.8  |l 2002:Jan./June  |m 3238902059110 
952 f f |p storage  |a Texas A&M University  |b J.J. Pickle Campus  |c High Density Repository  |d Remote Storage  |t 0  |h No information provided  |i unmediated -- volume  |k v.5  |l 1999:Jan./June  |m 3238902059097 
952 f f |p storage  |a Texas A&M University  |b J.J. Pickle Campus  |c High Density Repository  |d Remote Storage  |t 0  |h No information provided  |i unmediated -- volume  |k v.4  |l 1998:July/Dec.  |m 3238901596306 
952 f f |p storage  |a Texas A&M University  |b J.J. Pickle Campus  |c High Density Repository  |d Remote Storage  |t 0  |h No information provided  |i unmediated -- volume  |k v.8  |l 2002:July/Dec.  |m 3238901760084 
952 f f |p storage  |a Texas A&M University  |b J.J. Pickle Campus  |c High Density Repository  |d Remote Storage  |t 0  |h No information provided  |i unmediated -- volume  |k v.6  |l 2000:Jan./June  |m 3238901637414 
998 f f |s v.1(1995)-v.11(2005)  |t 0  |l Remote Storage